| 000 | 00405nam a22001577a 4500 | ||
|---|---|---|---|
| 003 | OSt | ||
| 005 | 20211129114458.0 | ||
| 008 | 211129b |||||||| |||| 00| 0 eng d | ||
| 040 |
_aDDC _cHU |
||
| 082 |
_22ND _a616.07 _b1 |
||
| 100 |
_aHODGKIN KEITH _920926 |
||
| 245 | _aTOWARDS EARLIER DIAGNOSIS | ||
| 250 | _a2ND | ||
| 260 |
_aBALTIMORE _bTHE WILLIAMS AND WILKINS COMPANY _c1966 |
||
| 942 |
_2ddc _cBOOKS _n0 |
||
| 999 |
_c20551 _d20551 |
||